[Event "ISL-ch"]
[Site "Kopavogur"]
[Date "2012.04.19"]
[Round "7"]
[White "Arngrimsson, Dagur"]
[Black "Kristjansson, Stefan"]
[Result "1-0"]
[WhiteElo "2361"]
[BlackElo "2500"]
[PlyCount "63"]
[EventDate "2012.04.13"]
[EventType "tourn"]
[EventRounds "11"]
[EventCountry "ISL"]
[EventCategory "6"]
[SourceTitle "CBM 148 Extra"]
[Source "ChessBase"]
[SourceDate "2012.06.22"]
[SourceVersion "1"]
[SourceVersionDate "2012.06.22"]
[SourceQuality "1"]

1. d4 Nf6 2. c4 e6 3. Nc3 Bb4 4. Bg5 b6 5. e4 h6 6. Bxf6 Qxf6 7. Nge2 Bb7 8. a3 Bxc3+ 9. Nxc3 Nc6 10. Nb5 0-0-0 11. d5 exd5 12. cxd5 Qxb2 13. Qc1 Qxc1+ 14. Rxc1 Na5 15. Nd6+ Kb8 16. Nxf7 Rhe8 17. Nxd8 Rxe4+ 18. Kd2 Nb3+ 19. Kc3 Nxc1 20. Nxb7 Re8 21. Bb5 Ne2+ 22. Kd2 Nf4 23. g3 Nxd5 24. Ba6 c6 25. Nd6 Re6 26. Re1 Rxe1 27. Kxe1 b5 28. Ne8 Nc7 29. Nxc7 Kxc7 30. f4 Kb6 31. g4 Kxa6 32. g5 1-0

[Event "ISL-ch"]
[Site "Kopavogur"]
[Date "2012.04.16"]
[Round "4"]
[White "Kristjansson, Stefan"]
[Black "Thorhallsson, Throstur"]
[Result "0-1"]
[WhiteElo "2500"]
[BlackElo "2398"]
[PlyCount "100"]
[EventDate "2012.04.13"]
[EventType "tourn"]
[EventRounds "11"]
[EventCountry "ISL"]
[EventCategory "6"]
[SourceTitle "CBM 148 Extra"]
[Source "ChessBase"]
[SourceDate "2012.06.22"]
[SourceVersion "1"]
[SourceVersionDate "2012.06.22"]
[SourceQuality "1"]

1. e4 c5 2. Nc3 Nc6 3. f4 e6 4. Nf3 d5 5. Bb5 Nge7 6. exd5 exd5 7. Qe2 Bg4 8. Bxc6+ bxc6 9. b3 Bxf3 10. Qxf3 Nf5 11. Bb2 Be7 12. 0-0-0 0-0 13. g4 Nd4 14. Qf2 Bh4 15. Qf1 Re8 16. Qh3 Bf6 17. Rde1 Qd7 18. Qg3 c4 19. Rxe8+ Rxe8 20. Re1 Rxe1+ 21. Qxe1 h5 22. g5 Qf5 23. Ne4 Nxb3+ 24. axb3 Bxb2+ 25. Kxb2 dxe4 26. Qe3 cxb3 27. cxb3 c5 28. Kc3 Qd5 29. d3 exd3 30. Qxd3 Qe6 31. Qd8+ Kh7 32. Qd3+ Kg8 33. Qd8+ Kh7 34. Qd3+ g6 35. h4 Qe1+ 36. Kc4 Qb4+ 37. Kd5 Qxf4 38. Qc4 Qf5+ 39. Kd6 Kg8 40. Qxc5 Qe6+ 41. Kc7 Qxb3 42. Qxa7 Qc4+ 43. Kd7 Qxh4 44. Qb8+ Kh7 45. Ke7 Qxg5+ 46. Kxf7 Qf5+ 47. Ke7 h4 48. Qh2 Qg5+ 49. Kf8 Qf6+ 50. Ke8 Kh6 0-1